000 01018nam a22003017a 4500
001 BR2013007971
003 BR-BrBNA
005 20230928104257.0
007 ta
008 230509b bl.||||| |||| 00| 0 por d
040 _aBR-BrBNA
_bpor
_cBiblioteca Nacional de Agricultura
041 _a(Por)
072 _aL01
_b9704
090 _ 9704 BR2013007971
100 1 _aAlvarenga, A.L.N.
110 1 _aUniversidade Federal de Minas Gerais, Belo Horizonte, MG (Brasil). Escola de Veterinária
_0Tese (Mestre em Zootecnia)
_910868
245 1 _aImplicações da programação pré-natal sobre o desempenho subsequente, características de carcaça e qualidade de carne em suínos
260 3 _aBelo Horizonte, MG (Brasil):
_c2011.
300 _a153 p.
500 _aBibliography p. 122-144; Summaries (Eng, Por); 27 illus.; 22 tables
650 _aSUÍNO
650 _aPESO
650 _aCARCAÇA
650 _aPERFORMANCE
650 _aCRESCIMENTO
909 _a202309
_bLucia
_c55
_dLucia Elande
942 _cBK
999 _c79054
_d79054